000 01006cam a22003013a 4500
001 20849
003 PGUSA
005 20140828083438.0
008 070318s2007||||xxu|||||s|||||000 1 eng d
040 _aPGUSA
_beng
042 _adc
050 4 _aPZ
100 1 _aEggleston, George Cary,
_d1839-1911
245 1 4 _aThe Big Brother :
_bA Story of Indian War
_h[electronic resource] /
_cGeorge Cary Eggleston
260 _bProject Gutenberg,
_c2007
506 _aPublic domain in the USA.
516 _aElectronic text
653 _aCreek War, 1813-1814 -- Juvenile fiction
653 _aVoyages and travels -- Juvenile fiction
653 _aBrothers -- Juvenile fiction
653 _aAdventure and adventurers -- Juvenile fiction
653 _aFamines -- Juvenile fiction
653 _aIndians of North America -- Juvenile fiction
653 _aCanoes and canoeing -- Juvenile fiction
830 0 _aProject Gutenberg
_v20849
856 4 0 _uhttp://www.gutenberg.org/ebooks/20849
942 _cEB
999 _c250104
_d250104